Statistics for Brawl Stars Brawlers

Click here to take the quiz!

General Stats

  • This quiz has been taken 234 times
  • The average score is 22 of 24

Answer Stats

HintAnswer% Correct
StarterShelly
99%
Trophy RoadNita
98%
Trophy RoadBo
96%
Trophy RoadBull
95%
Trophy RoadColt
95%
Trophy RoadJessie
95%
Trophy RoadBrock
93%
LegendaryCrow
93%
Trophy RoadDynamike
93%
RareBarley
92%
RareEl Primo
92%
LegendaryLeon
92%
EpicFrank
91%
MythicMortis
91%
EpicPiper
90%
RarePoco
90%
LegendarySpike
90%
EpicPam
89%
Super RareCarl
88%
Super RareDarryl
88%
Super RareRico
88%
Super RarePenny
87%
MythicTara
87%
MythicGene
86%

Score Distribution

Percentile by Number Answered

Percent of People with Each Score

Your Score History

You have not taken this quiz